000
00157nam a22000857a 4500
082
_a
823
100
_a
LEWIS CARROL
245
_a
ALICE IN WONDERLAND
942
_c
BK
999
_c
8210
_d
8210